Imágenes por Letra - A - Estadísticas

Estadísticas generales
  • Esta prueba ha sido intentada 83 veces
  • La puntuación promedio es 13 de 16
Estadísticas de respuestas
Imagen Hint Respuesta % Correcto
Animal Águila
93%
Color Amarillo
93%
Empresa Apple
92%
Símbolo Arroba
92%
Instrumento musical Acordeón
89%
Dedo Anular
89%
Signo Zodiacal Acuario
88%
Científico Albert Einstein
88%
Montañas Alpes
88%
Fruta Arándano
86%
Capital Ámsterdam
79%
País Angola
76%
Arma AK-47
74%
Cantante Amy Winehouse
71%
Ciudad Agra
49%
Explorador Américo Vespucio
40%
No se encontraron pruebas coincidentes
Distribución de puntuación
Porcentaje de gente con cada puntuación
Porcentaje por número respondido
Historial de tus puntuaciones
No has intentado esta prueba.